000 00455nam a2200145Ia 4500
005 20260121165307.0
008 260121s9999 xx 000 0 und d
041 _amar
100 _aलांजेकर, जे
245 _aमहात्मा फुलेंची उद्यमशीलता
250 _a1
260 _bभारतीय विचार साधना फाउंडेशन
_c2019
300 _a183
650 _aGenral
999 _c369940
_d369940